| 000 | 01229nam a22003495a 4500 | ||
|---|---|---|---|
| 003 | EG-ScBUE | ||
| 005 | 20220414091958.0 | ||
| 008 | 170622s2009 ua a g 000 0dara d | ||
| 017 | _a2008 / 24890 | ||
| 020 | _a9772087901 | ||
| 040 |
_aEG-ScBUE _bara _erda _cEG-ScBUE _dEG-ScBUE |
||
| 043 | _af-ua--- | ||
| 082 | 0 | 4 |
_a892.726 _bج ن د _222 |
| 100 | 1 |
_aالجندي، يسري، _eمؤلف. |
|
| 245 | 1 | 0 |
_aمسلسل ناصر / _cيسري الجندي. |
| 250 | _aالطبعة الأولى. | ||
| 264 | 1 |
_aالقاهرة : _bمكتبة مدبولي، _c2009. |
|
| 300 |
_a2 مجلد ؛ _c24 سم |
||
| 336 |
_2rdacontent _aنص _btxt |
||
| 337 |
_2rdamedia _aبدون وسيط _bn |
||
| 338 |
_2rdacarrier _aمجلد _bnc |
||
| 505 | 0 | _aالمجلد الأول -- المجلد الثاني. | |
| 541 |
_cإهداء ؛ _aأ. محمد فريد خميس. |
||
| 590 | _aWessam | ||
| 600 | 0 | 7 |
_aعبد الناصر، جمال، _d1918-1970. _2BUEsh |
| 650 | 7 |
_aالمسلسلات التليفزيونية _zمصر. _2BUEsh |
|
| 650 | 7 |
_aالتمثيليات التليفزيونية العربية _zمصر. _2BUEsh |
|
| 651 | _2BUEsh | ||
| 653 |
_bCOMAME _cJune2017 |
||
| 655 |
_vReading book _934232 |
||
| 942 | _2ddc | ||
| 999 |
_c24955 _d24927 |
||